The porous medium equation : mathematical theory

Αποθηκεύτηκε σε:
Λεπτομέρειες βιβλιογραφικής εγγραφής
Κύριος συγγραφέας: Vazquez, J. L. (Juan Luis)
Μορφή: Βιβλίο
Γλώσσα:English
Δημοσίευση: Oxford : Clarendon, 2007
Σειρά:Oxford mathematical monographs
Θέματα:
Ετικέτες: Προσθήκη ετικέτας
Δεν υπάρχουν, Καταχωρήστε ετικέτα πρώτοι!

MARC

LEADER 00000nam a2200000 i 4500
001 1/52135
008 070822s2007 eng d
020 |a 978-0-19-856903-3 
020 |a 0-19-856903-3 
035 |l 10089918 
040 |a GR-MY-UA  |b gre  |e aacr 
041 0 |a eng 
082 0 |a 515.35  |2 (22) 
100 1 |a Vazquez, J. L.  |q (Juan Luis) 
245 1 4 |a The porous medium equation :  |b mathematical theory /  |c Juan Luis Vazquez 
260 |a Oxford :   |b Clarendon,   |c 2007 
300 |a xxii, 624 σ.;  |b εικ.;  |c 24 εκ. 
490 1 |a Oxford mathematical monographs 
504 |a Περιλαμβάνει βιβλιογραφικές παραπομπές (σ. 588-620) και ευρετήριο. 
650 0 0 |a Boundary value problems. 
830 0 |a Oxford mathematical monographs 
852 |a INST  |b SAMOS  |e 20070822  |h 515.35 VAZ  |p 005300025509  |q 005300025509  |t BK  |y 0 
901 |a BIBL3-2007-2 
909 |a Σ  |b 137092 
922 |a 3ΕΛΗ  |b 200707  |c ΕΠΕΑΕΚ2/ΤΜΗΜΑ ΜΑΘΗΜΑΤΙΚΩΝ  |d ΠΑΠΑΣΩΤΗΡΙΟΥ 
970 |a ΣΙΤΖΙΜΗ  |b ΓΙΑΣΕΜΗ  |z 2007/08/22